Fundamentos de ingeniería eléctrica
Saved in:
| Main Authors: | , |
|---|---|
| Format: | Book |
| Language: | Spanish |
| Published: |
Ciudad de México
McGraw-Hill de México
1970
|
| Edition: | 2a. ed |
| Subjects: | |
| Tags: |
Add Tag
No Tags, Be the first to tag this record!
|
MARC
| LEADER | 00000nam a2200000 a 4500 | ||
|---|---|---|---|
| 001 | UCU5148 | ||
| 003 | CL-VaPUC | ||
| 008 | 960531e19700000MX |||||||||||||||||spa|d | ||
| 082 | 0 | 4 | |a 621.3 |b FIT |2 21 |
| 100 | 0 | |a Fitzgerald, Arthur Eugene |e author |9 363005 | |
| 700 | 0 | |a Higginbotham, David E |e author |9 363006 | |
| 245 | 1 | 0 | |a Fundamentos de ingeniería eléctrica |
| 250 | |a 2a. ed | ||
| 300 | |a 545 p | ||
| 942 | |c BK | ||
| 945 | |d 19960531 00:00:00 |a lriquelm | ||
| 260 | |a Ciudad de México |b McGraw-Hill de México |c 1970 | ||
| 650 | 7 | |a CORRIENTES CONTINUAS |2 CL-VaPUC |9 324433 | |
| 650 | 0 | |a Corrientes eléctricas |9 354960 | |
| 650 | 0 | |a Electricidad |9 260222 | |
| 650 | 7 | |a CORRIENTES ALTERNAS |2 CL-VaPUC |9 263344 | |
| 650 | 0 | |a Transformadores |9 345471 | |
| 650 | 7 | |a CONVERTIDORES ELECTRICOS |2 CL-VaPUC |9 345464 | |
| 583 | |a last modification |c 19960531 00:00:00 |k Rodrigo Vera | ||
| 999 | |c 248607 |d 248605 | ||